000 00244nam a22000857a 4500
999 _c521885
_d521885
100 _aHooja, Rakesh
_936159
245 _aCorruption, Ethics and Accountability
260 _aNew delhi
_bIndian Institute Of Public Administration
_c2012
300 _a57p.